000 00717nam a2200241Ia 4500
003 OSt
005 20230622122038.0
008 210423s1999 xx 000 0 und d
020 _a0-7167-3268-8
040 _cAL
041 _aeng
082 _a574.19245 FERS
_223
100 _aFERSHT (Alan).
_9100052
245 _aStructure and mechanism in protein science.
245 2 _aA guide to enzyme catalysis and protein folding
260 _aNew York
_bW H Freeman & Co.
_c1999
300 _axxi,631
_bPB
365 _b2848
_cINR
650 _aBiochemistry
_9100053
650 _aBiology
_9100054
906 _acatalysis ; enzyme ; folding ; guide ; mechanism ; protein ; science. ; Structure
942 _2ddc
_cBK
999 _c162504
_d162504